000 00640nam a2200181Ia 4500
005 20250508152034.0
008 008 250505s9999 xx 000 0 eng d
037 _aTextual
040 _aFEDL
_beng
_cFEDL
041 _aeng
_2eng
084 _a370.196, ZIM
_qFEDL
100 _aZimmern Alfred Ed.
245 0 _aUniversity teaching of international relations : A report of the eleventh session of the international studies conference
260 _aParis, France
_bUnited Nations Educational Scientific and Cultural Organisation
_c1939
300 _axiv,353p
942 _cTEXL
_h370.196, ZIM
999 _c1333846
_d1333846